Library Banner

Miser ke farzandan toheed takhtah dar par = مصر کے فرزاندان توحید تختہ دار پر / (Record no. 121636)

MARC details
000 -LEADER
fixed length control field 00491nam a22001337a 4500
005 - DATE AND TIME OF LATEST TRANSACTION
control field 20210315102032.0
008 - FIXED-LENGTH DATA ELEMENTS--GENERAL INFORMATION
fixed length control field 210315b ||||| |||| 00| 0 eng d
040 ## - CATALOGING SOURCE
Transcribing agency PK-LaUMT
082 ## - DEWEY DECIMAL CLASSIFICATION NUMBER
Classification number RHC 320.962
Item number MIS-
245 ## - TITLE STATEMENT
Title Miser ke farzandan toheed takhtah dar par = مصر کے فرزاندان توحید تختہ دار پر /
Statement of responsibility, etc compiled by Riaz Ahmad Chaudhary = مرتبہ ریاض احمد چودھری
260 ## - PUBLICATION, DISTRIBUTION, ETC. (IMPRINT)
Place of publication, distribution, etc Multan :
Name of publisher, distributor, etc Friend Publications,
Date of publication, distribution, etc NA
300 ## - PHYSICAL DESCRIPTION
Extent 96 p.
942 ## - ADDED ENTRY ELEMENTS (KOHA)
Koha item type Books
Holdings
Withdrawn status Lost status Damaged status Home library Current library Date acquired Full call number Barcode Date last seen Price effective from Koha item type
      UMT Main Campus UMT Main Campus 2021-03-15 RHC 320.962 MIS- 136729 2021-03-15 2021-03-15 Books